000 00805nas a2200217 454500
001 19012
005 20260407193505.0
008 260407s2008####ag###########|||spa#d
003 AR-UNSa-BCEJYS
040 _aAR-UNSa-BCEJYS
_bspa
_cAR-UNSa-BCEJYS
080 _a34
_xDerecho
245 1 0 _aLa Ley Patagonia
_pRevista de Doctrina y Jurisprudencia de las provincias de: Chubut, La Pampa, Neuquén, Río Negro, Santa Cruz y Tierra del Fuego, Antártida e Islas del Atlántico Sur
264 1 _aBuenos Aires :
_bLa Ley
_c2008
310 _aFrecuencia: Mensual
942 _cSER
590 _aniveau_biblio:s niveau_hierar:1
650 _aDerecho
650 _aJURISPRUDENCIA
650 _aDOCTRINA
856 4 1 _uhttps://biblioeco.unsa.edu.ar/pmb/images/revistas/La Ley Patagonia.jpg
_yImagen de portada
_qimage/jpeg
999 _c8515
_d8515